Novela živnostenského zákona dôslednejšie upravuje inštitút zodpovedného zástupcu

Upravenie inštitútu zodpovedného zástupcu - zodpovedá za odborné prevádzkovanie živnosti - podľa zákona NR SR č.132/1994 Z.z., ktorým sa dopĺňa zákon č.445/1991 Zb. o živnostenskom podnikaní. Vzťah podnikateľa a zástupcu. Kritériá výberu zástupcu. Výpisy zo živnostenského registra.

Guardado en:
Detalles Bibliográficos
Autor principal: Patakyová, Mária
Formato: Capítulo de libro
Lenguaje:eslovaco
Materias:
Etiquetas: Agregar Etiqueta
Sin Etiquetas, Sea el primero en etiquetar este registro!

MARC

LEADER 00000naa a2200000 4500
001 r015807
005 20221213114618.9
041 0 |a slo 
044 |a SK 
245 1 0 |a Novela živnostenského zákona dôslednejšie upravuje inštitút zodpovedného zástupcu  |c Mária Patakyová 
520 |a Upravenie inštitútu zodpovedného zástupcu - zodpovedá za odborné prevádzkovanie živnosti - podľa zákona NR SR č.132/1994 Z.z., ktorým sa dopĺňa zákon č.445/1991 Zb. o živnostenskom podnikaní. Vzťah podnikateľa a zástupcu. Kritériá výberu zástupcu. Výpisy zo živnostenského registra. 
610 2 0 |a živnosti 
610 2 0 |a zákony 
610 2 0 |a Slovensko 
610 2 0 |a 1994 
610 2 0 |a komentáre 
100 1 |a Patakyová, Mária